Cada hombre, un hombre de Dios ; Guía de cada hombre hacia...la fe valiente y la integridad diaria
Salvato in:
| Autore principale: | |
|---|---|
| Altri autori: | , |
| Natura: | Libro |
| Lingua: | spagnolo |
| Pubblicazione: |
Miami, FL.
Unilit
2008
|
| Soggetti: | |
| Tags: |
Aggiungi Tag
Nessun Tag, puoi essere il primo ad aggiungerne!!
|
MARC
| LEADER | 00000nam a22000005a 4500 | ||
|---|---|---|---|
| 003 | CL-ChBUA | ||
| 005 | 20140526150854.0 | ||
| 008 | 140526s2008 xxu||||| |||| 000 ||spa | ||
| 020 | |a 9780789914293 | ||
| 040 | |a CL-ChBUA |c CL-ChBUA | ||
| 082 | 0 | 0 | |a 248.4 |
| 100 | 1 | |a Arterburn, Stephen | |
| 245 | 1 | 0 | |a Cada hombre, un hombre de Dios ; |b Guía de cada hombre hacia...la fe valiente y la integridad diaria |
| 260 | |a Miami, FL. |b Unilit |c 2008 | ||
| 300 | |a 260 p. |c 21 cm. | ||
| 504 | |a índice | ||
| 650 | 4 | |a VIDA CRISTIANA | |
| 650 | 4 | |a JOVENES - VIDA CRISTIANA | |
| 700 | 1 | |a Luck, Kenny | |
| 700 | 1 | |a Yorkey, Mike | |
| 942 | |2 ddc |c LIB | ||
| 952 | |0 0 |1 0 |2 ddc |4 0 |6 248_400000000000000_AR_786C |7 0 |9 1140572 |a UNACH |b UNACH |c 200 |d 2014-05-26 |i 53.205 |l 4 |m 3 |o 248.4 / Ar 786c |p 78484 |r 2022-05-18 00:00:00 |s 2018-09-12 |t 1 |w 2014-05-26 |y LIB | ||
| 999 | |c 2061099 |d 2061099 | ||